| 000 | 00601cam a22002411 4500 | ||
|---|---|---|---|
| 001 | sa 67001086 | ||
| 003 | DLC | ||
| 005 | 20260227112319.0 | ||
| 008 | 900213s1966 ii j b 000 0 beno | ||
| 010 | _asa 67001086 | ||
| 035 | _a(OCoLC)21058158 | ||
| 040 |
_aDLC _cWaU _dDLC |
||
| 042 | _apremarc | ||
| 043 | _aa-ii--- | ||
| 050 | 0 | 0 |
_aDS485.R18 _bQ3 |
| 100 | 1 | _aQanungo, Kalika Ranjan. | |
| 245 | 1 | 0 | _aRājasthāna-kāhinī. |
| 260 | _c[1966] | ||
| 300 |
_a286 p. _bgeneal. table. _c23 cm. |
||
| 500 | _aIn Bengali. | ||
| 504 | _aBibliographical footnotes. | ||
| 651 | 0 | _aRajasthan (India) | |
| 999 |
_c72368 _d72368 |
||